000 00428nam a2200181Ia 4500
001 18134
005 20260306171608.0
008 260306s9999||||xx |||||||||||||| ||und||
041 _aESP
082 _a658.4012
_bG26
100 _aGarrido Buj, Santiago
_eAUT
245 0 _aDirección estratégica
260 _c2006
300 _ax, 373 páginas :
_c24 cm.
650 _aGEN
654 _aCAN
942 _cLIB
_dJUS
_fJUS
_2ddc
_n
999 _c18134
_d18134